[Event "Gibraltar Masters"]
[Site "Catalan Bay ENG"]
[Date "2004.02.01"]
[Round "6"]
[White "Wells,P"]
[Black "Inarkiev,E"]
[Result "1/2-1/2"]
[WhiteElo "2493"]
[BlackElo "2606"]

1.d4 Nf6 2.Bg5 e6 3.e4 h6 4.Bxf6 Qxf6 5.c3 Nc6 6.Nf3 a6 7.e5 Qe7 8.Nbd2 g5
9.Ne4 Bg7 10.h4 d5 11.exd6 cxd6 12.hxg5 d5 13.Nf6+ Kd8 14.Ne5 hxg5 15.Rxh8+ Bxh8
16.Nfg4 Bd7 17.Qd2 Be8 18.f4 f5 19.Nf2 Bxe5 20.fxe5 Bh5 21.Nh3 f4 22.Be2 Bg6
23.Bd3 Bh5 24.Be2 Bg6 25.Bd3 Bh5 26.Be2 Bg6  1/2-1/2

[Event "75th ch-GER"]
[Site "Hoeckendorf GER"]
[Date "2004.02.03"]
[Round "5"]
[White "Schulz,M1"]
[Black "Mainka,R"]
[Result "0-1"]
[WhiteElo "2246"]
[BlackElo "2456"]

1.d4 Nf6 2.Bg5 e6 3.e4 c5 4.d5 Qb6 5.Nc3 Be7 6.Nf3 d6 7.Bb5+ Bd7 8.a4 O-O
9.O-O Bc8 10.e5 dxe5 11.Nxe5 exd5 12.Bxf6 Bxf6 13.Nxd5 Qd8 14.Nxf6+ Qxf6
15.Re1 Na6 16.Ra3 Be6 17.Rf3 Qh4 18.g3 Qb4 19.Nd3 Qd4 20.Rf4 Qd6 21.Qh5 Rac8
22.Ne5 Nb4 23.Rd1 Qe7 24.Rh4 h6 25.Ng4 Qg5 26.Ne3 Rcd8 27.Rxd8 Rxd8 28.Qe2 b6
29.Rf4 Rd4 30.Rxd4 cxd4 31.f4 Qc5 32.f5 Bc8 33.c3 dxc3 34.bxc3 Nd5 35.Kf2 Bxf5
36.Kf3 Qxc3  0-1

[Event "TCh-CZE Extraliga 2003-4"]
[Site "Czech Rep CZE"]
[Date "2004.02.07"]
[Round "6"]
[White "Voloshin,L"]
[Black "Cicak,S"]
[Result "1/2-1/2"]
[WhiteElo "2522"]
[BlackElo "2528"]

1.d4 Nf6 2.Bg5 e6 3.e4 h6 4.Bxf6 Qxf6 5.c3 d6 6.Nf3 Nd7 7.Bd3 g6 8.O-O Bg7
9.Na3 a6 10.Nc4 Qe7 11.Re1 e5 12.a4 a5 13.Qb3 O-O 14.Rad1 Re8 15.Qa3 exd4
16.cxd4 Nb8 17.e5 d5 18.Qxe7 Rxe7 19.Ne3 Be6 20.Nd2 c5 21.dxc5 Bxe5 22.Nf3 Bf6
23.Bb5 Nc6 24.Nxd5 Bxd5 25.Rxd5 Rxe1+ 26.Nxe1 Bxb2 27.Rd7 Nd8 28.Nd3 Bf6
29.Nf4 Rc8  1/2-1/2

[Event "TCh-FIN 2003-4"]
[Site "Finland FIN"]
[Date "2004.02.14"]
[Round "7"]
[White "Salimaki,J"]
[Black "Lassila,E"]
[Result "1-0"]
[WhiteElo "2209"]
[BlackElo "2356"]

1.d4 Nf6 2.Bg5 e6 3.e4 h6 4.Bxf6 Qxf6 5.Nc3 d6 6.Qd2 c6 7.f4 e5 8.dxe5 dxe5
9.f5 Nd7 10.Nf3 Qd6 11.Bd3 b5 12.O-O-O a6 13.g4 Bb7 14.Qg2 Qc7 15.h4 O-O-O
16.g5 hxg5 17.hxg5 Bb4 18.Ne2 Rhg8 19.c3 Bd6 20.Bc2 c5 21.Ng3 c4 22.Rh7 Nc5
23.Qe2 Qe7 24.Rxg7 Rxg7 25.f6 Qf8 26.fxg7 Qxg7 27.Nf5 Qf8 28.Nxd6+ Rxd6 29.Nxe5 Qe7
30.Rxd6 Qxd6 31.Qg4+ Kc7 32.Nxf7 Nd3+ 33.Bxd3 Qxd3 34.Qf4+ Kc8 35.Nd6+ Kb8
36.Nxb5+ Ka8  1-0

[Event "Oxford Uni vs Wales"]
[Site "Oxford ENG"]
[Date "2004.02.15"]
[Round "2"]
[White "Bigg,A"]
[Black "Jones,Ri"]
[Result "1-0"]
[WhiteElo "2267"]
[BlackElo "2063"]

1.d4 Nf6 2.Bg5 e6 3.e4 c5 4.d5 h6 5.Bxf6 Qxf6 6.Nc3 d6 7.Nf3 Qd8 8.Bb5+ Bd7
9.dxe6 fxe6 10.Nd2 Qg5 11.O-O Nc6 12.Nc4 O-O-O 13.f4 Qe7 14.Bxc6 Bxc6 15.Qg4 h5
16.Qh3 g6 17.Rae1 Rg8 18.Nd5 Qf7 19.Na5 Be8 20.Ne3 Kb8 21.a3 b6 22.Nac4 Bc6
23.Nd2 Bg7 24.c3 Bh6 25.Qg3 Qb7 26.Nec4 Ka8 27.e5 d5 28.Nd6 Qd7 29.b4 Bf8
30.Qe3 Bxd6 31.exd6 Bb5 32.c4 dxc4 33.Ne4 cxb4 34.axb4 Rgf8 35.Ra1 Qb7 36.Rfd1 Bc6
37.Ng5 Rfe8 38.Nxe6 Rd7 39.Qe5 Kb8 40.Ra2 c3 41.Re2 Ba4 42.Rc1 Bb3 43.Qxc3 Bd5
44.Nc5  1-0

[Event "11th Metalis Open"]
[Site "Bizovac CRO"]
[Date "2004.02.26"]
[Round "1"]
[White "Kovacevic,B"]
[Black "Drmic,B"]
[Result "1-0"]
[WhiteElo "2429"]
[BlackElo "2086"]

1.d4 Nf6 2.Bg5 e6 3.e3 c5 4.Nd2 Be7 5.Ngf3 b6 6.Bd3 h6 7.Bxf6 Bxf6 8.Qe2 Bb7
9.c3 cxd4 10.exd4 O-O 11.O-O-O d6 12.g4 g6 13.h4 Bg7 14.Kb1 a6 15.Nc4 b5
16.Ne3 Nd7 17.d5 Nc5 18.h5 g5 19.Bc2 a5 20.Nd4 b4 21.Nb3 Ba6 22.Qf3 Qb6 23.Nxc5 dxc5
24.Qe4 Rfe8 25.dxe6 Qxe6 26.Qh7+ Kf8 27.Nf5 Qf6 28.Rd6 Re6 29.Rhd1 Bb5 30.Rxe6 fxe6
31.Nxg7 Qxg7 32.Qe4 Re8 33.c4 Bd7 34.Qe3 Qe7 35.Qe5 Kg8 36.Rd6 Rc8 37.Bf5 Kf7
38.Bg6+ Kg8 39.Be4 a4 40.f3 Kf7 41.Kc2 Rc7 42.Kd2 Qf6 43.Rxe6 Qxe5 44.Rxe5 Kf6
45.Rd5 Be6 46.Rd6 Ke5 47.Ra6 Bxc4 48.Rxa4 Rd7+ 49.Ke3 Rc7 50.b3 Be6 51.Ra6 c4
52.Ra5+ Kd6 53.bxc4 Bxc4 54.Kd4 Be2 55.Rd5+ Ke7 56.Ke3 Bc4 57.Ra5 Kd6 58.Kd4 Bf1
59.Ra4 Rc4+ 60.Ke3 Ke7 61.Ra8 Rc3+ 62.Kd4 Kd6 63.Rh8 Rc4+ 64.Ke3 Ke5 65.Rxh6 Rc3+
66.Kf2 Bc4 67.Rg6 Bxa2 68.Rxg5+ Kd4 69.Rb5 Rc4 70.h6 b3 71.Rb8 Rc2+ 72.Kg3 Rc7
73.h7 Rxh7 74.Bxh7 Kc3 75.Ra8 Kb2 76.g5 Kc3 77.Be4 Kd4 78.g6 Kc3 79.g7 Kb2
80.g8=Q Kc1  1-0

[Event "11th Metalis Open"]
[Site "Bizovac CRO"]
[Date "2004.02.27"]
[Round "3"]
[White "Kosic,D"]
[Black "Cajzler,H"]
[Result "1-0"]
[WhiteElo "2501"]
[BlackElo "2210"]

1.d4 Nf6 2.Bg5 e6 3.Nf3 d5 4.e3 Nbd7 5.Nbd2 Be7 6.Bd3 O-O 7.c3 c5 8.a4 b6
9.Ne5 Bb7 10.Qf3 Nxe5 11.dxe5 Nd7 12.Qh3 g6 13.Bf4 Re8 14.Nf3 a6 15.Qg3 c4
16.Bc2 b5 17.h4 Nf8 18.h5 Qd7 19.Ng5 Bxg5 20.Bxg5 f5 21.exf6 Qf7 22.hxg6 hxg6
23.Rh6  1-0

[Event "11th Metalis Open"]
[Site "Bizovac CRO"]
[Date "2004.02.28"]
[Round "6"]
[White "Cebalo,M"]
[Black "Zelcic,R"]
[Result "1-0"]
[WhiteElo "2475"]
[BlackElo "2524"]

1.d4 Nf6 2.Bg5 e6 3.e4 h6 4.Bxf6 Qxf6 5.Nc3 Bb4 6.Ne2 Nc6 7.Qd2 O-O 8.a3 Ba5
9.f4 d6 10.O-O-O e5 11.b4 Bb6 12.Nd5 Qd8 13.dxe5 Bg4 14.exd6 cxd6 15.h3 Bxe2
16.Bxe2 Rc8 17.Bg4 Ra8 18.Kb2 Re8 19.Rhe1 a5 20.c3 axb4 21.axb4 Ne7 22.Nxb6 Qxb6
23.Qxd6 Nc6 24.Qc5 Qxc5 25.bxc5 Ra5 26.Bd7 Rb8 27.e5 Rb5+ 28.Kc2 Rxc5 29.Bxc6 Rxc6
30.Rd6 Rc4 31.Rd4 Rc5 32.Red1 Kf8 33.h4 h5 34.Rd5 Rxd5 35.Rxd5 Ke7 36.f5 g6
37.fxg6 fxg6 38.Rd6 Rg8 39.Rb6 g5 40.Rxb7+ Ke6 41.Rb6+ Kd5 42.g3 gxh4 43.gxh4 Rg2+
44.Kb3 Rg4 45.Rb4 Kxe5 46.Rb5+  1-0

[Event "ch-BRA"]
[Site "Rio de Janeiro BRA"]
[Date "2004.02.29"]
[Round "5"]
[White "Toth,Chr"]
[Black "Matsuura,E"]
[Result "1-0"]
[WhiteElo "2344"]
[BlackElo "2460"]

1.d4 Nf6 2.Bg5 e6 3.e4 h6 4.Bxf6 Qxf6 5.c3 d6 6.Bd3 e5 7.Ne2 Qd8 8.O-O Be7
9.Nd2 O-O 10.f4 exd4 11.cxd4 c5 12.d5 Bg4 13.h3 Bxe2 14.Qxe2 g6 15.e5 dxe5
16.f5 Qxd5 17.fxg6 Qd4+ 18.Kh1 fxg6 19.Nf3 Qd6 20.Bc4+ Kg7 21.Rad1 Qc7 22.Nxe5 Nc6
23.Nxc6 bxc6 24.Qe6 Rad8 25.Rf7+ Rxf7 26.Qxf7+ Kh8 27.Re1 Bd6 28.Qf6+  1-0

[Event "20th Open"]
[Site "Cappelle la Grande FRA"]
[Date "2004.03.03"]
[Round "6"]
[White "Ivanisevic,I"]
[Black "Philippe,C"]
[Result "1-0"]
[WhiteElo "2542"]
[BlackElo "2358"]

1.d4 Nf6 2.Bg5 e6 3.Nf3 Be7 4.c4 O-O 5.Nc3 d5 6.e3 b6 7.Bd3 dxc4 8.Bxc4 Bb7
9.Bf4 Nbd7 10.O-O a6 11.a4 Nh5 12.Be5 Nxe5 13.dxe5 Qxd1 14.Rfxd1 Rfd8 15.Nd2 g6
16.Be2 Ng7 17.Bf3 Bxf3 18.Nxf3 Rxd1+ 19.Rxd1 Rd8 20.Rc1 Kf8 21.Kf1 Ne8 22.Ke2 h6
23.g4 Rd7 24.Rc2 Rd8 25.b3 Rd7 26.Ne4 Rd5 27.h4 Kg7 28.g5 a5 29.Nf6 Bxf6
30.exf6+ Kg8 31.e4 Rd8 32.Ne5 c5 33.f3 h5 34.Nc4 Nd6 35.Rd2 Nb7 36.Nxb6 Rxd2+
37.Kxd2 Kf8 38.Kc3 Ke8 39.Kc4 Kd8 40.Kb5 Kc7 41.Nc4  1-0

[Event "ch-TUR w"]
[Site "Kusadasi TUR"]
[Date "2004.03.04"]
[Round "5"]
[White "Yildiz,B"]
[Black "Topel,Z"]
[Result "1-0"]
[WhiteElo "2118"]
[BlackElo "2056"]

1.d4 Nf6 2.Bg5 e6 3.e4 h6 4.Bxf6 Qxf6 5.Nf3 d6 6.Nc3 c6 7.Qd2 e5 8.O-O-O Be7
9.h3 O-O 10.Kb1 Nd7 11.Qe3 Nb6 12.g4 Re8 13.Rg1 Bf8 14.h4 exd4 15.Rxd4 d5
16.g5 hxg5 17.hxg5 Qe6 18.Qf4 g6 19.exd5 Nxd5 20.Nxd5 cxd5 21.Bb5 Re7 22.Qh2 a6
23.Rh4 Bg7 24.Rh1 f5 25.Rh8+ Kf7 26.Qh7 Bd7 27.Rxa8 Bc8 28.Bd3 Re8 29.c3 Qb6
30.Ne5+ Kf8 31.Nxg6+ Kf7 32.Ne5+ Rxe5 33.Rxc8 Qxf2 34.Rc7+ Ke8 35.Qg6+ Kd8
36.Qd6+  1-0

[Event "ch-PER"]
[Site "Lima PER"]
[Date "2004.03.06"]
[Round "2.2"]
[White "Ledesma,O"]
[Black "Iturry,M"]
[Result "0-1"]
[WhiteElo "2206"]
[BlackElo "2222"]

1.d4 Nf6 2.Bg5 e6 3.e4 h6 4.Bxf6 Qxf6 5.Nf3 d6 6.e5 Qd8 7.c3 Nd7 8.exd6 cxd6
9.Bd3 Be7 10.Nbd2 O-O 11.O-O Nf6 12.Re1 b6 13.Qe2 Bb7 14.Rad1 Re8 15.Bb1 Bf8
16.Qd3 Qc7 17.Re2 e5 18.dxe5 dxe5 19.Rde1 e4 20.Qc2 Bd6 21.Nxe4 Bxe4 22.Rxe4 Nxe4
23.Rxe4 g6 24.h4 h5 25.Qe2 Re7 26.Bd3 Rae8 27.Rxe7 Qxe7 28.Qxe7 Rxe7 29.Kf1 Bf4
30.Bb5 Bc1 31.b3 Bb2 32.c4 a5 33.Bc6 Kg7 34.g3 f6 35.Bd5 Kh6 36.a4 Bc3 37.Bc6 g5
38.hxg5+ fxg5 39.Bd5 Kg6 40.Bc6 Kf6 41.Bd5 g4 42.Nh4 Re1+ 43.Kg2 Re2 44.Kf1 Rb2
45.c5 bxc5 46.f3 Be5 47.f4 Bd4 48.Bc4  0-1

[Event "TCh-FIN 2003-4"]
[Site "Finland FIN"]
[Date "2004.03.13"]
[Round "8"]
[White "Franssila,T"]
[Black "Paakkonen,T"]
[Result "1/2-1/2"]
[WhiteElo "2269"]
[BlackElo "2234"]

1.d4 Nf6 2.Bg5 e6 3.e4 h6 4.Bxf6 Qxf6 5.c3 d6 6.Bd3 Qd8 7.Ne2 Be7 8.O-O O-O
9.Nd2 c5 10.f4 cxd4 11.cxd4 e5 12.Qb3 exd4 13.Nxd4 Nc6 14.N2f3 Bf6 15.Nxc6 bxc6
16.Kh1 Be6 17.Qc2 Qb6 18.e5 dxe5 19.fxe5 Be7 20.b3 a5 21.Bc4 c5 22.Nd2 Rad8
23.Bxe6 Qxe6 24.Nc4 a4 25.Rad1 axb3  1/2-1/2

[Event "TCh-FIN 2003-4"]
[Site "Finland FIN"]
[Date "2004.03.14"]
[Round "9"]
[White "Karttunen,M"]
[Black "Sepp,O"]
[Result "1/2-1/2"]
[WhiteElo "2381"]
[BlackElo "2425"]

1.d4 Nf6 2.Bg5 e6 3.e4 c5 4.e5 h6 5.Bc1 Nd5 6.c4 Nb4 7.d5 d6 8.a3 N4a6 9.Bf4 dxe5
10.Bxe5 Nd7 11.Qa4 Qg5 12.f4 Qg6 13.Nf3 Be7 14.Nc3 O-O 15.d6 Bd8 16.O-O-O f6
17.f5 exf5 18.Bg3 Nb6 19.Qc2 Qf7 20.h4 Nb8 21.Bd3 Nc6 22.Nd5 Nxd5 23.cxd5 Nd4
24.Nxd4 cxd4 25.Bxf5 Bb6 26.Bd3 Bg4 27.Qb3 Bxd1 28.Rxd1 Rfe8 29.Bf5 Re3 30.Qxe3 dxe3
31.Be6 Re8 32.Bxf7+ Kxf7 33.Rd3 g5 34.hxg5 hxg5 35.Kd1 f5 36.Ke2 f4 37.Be1 Rd8
38.g3 Kg6 39.gxf4 gxf4 40.Bh4 Rh8 41.Be1 Kf5 42.Rb3 Rh2+ 43.Kf3 Ba5 44.Rxe3 Rh3+
45.Kg2 Rxe3 46.Bxa5 b6 47.d7 Rg3+ 48.Kf2 Rg8 49.Bb4 Rd8 50.Be7 Rxd7 51.d6 Ke4
52.Ke2 a5 53.a4 Ke5 54.Kf3 Rxd6 55.Bxd6+ Kxd6 56.Kxf4 Kd5 57.Ke3 Kc4 58.Kd2 Kb3
59.Kc1 Kxa4 60.Kc2 b5 61.Kc3  1/2-1/2

[Event "FSGM March"]
[Site "Budapest HUN"]
[Date "2004.03.18"]
[Round "13"]
[White "Nguyen Ngoc Truongson"]
[Black "Drabke,L"]
[Result "1-0"]
[WhiteElo "2436"]
[BlackElo "2439"]

1.d4 Nf6 2.Bg5 e6 3.e4 c5 4.dxc5 Bxc5 5.Nc3 Qb6 6.Qd2 Bxf2+ 7.Qxf2 Qxb2 8.Bxf6 gxf6
9.Qxf6 Qxa1+ 10.Kd2 Rf8 11.Nf3 Qb2 12.Bd3 Qb4 13.Re1 Nc6 14.Kd1 a6 15.Nd5 Qd6
16.Nh4 Qe5 17.Qh6 Nd4 18.c3 f6 19.Qxh7 Nc6 20.Ng6 Qd6 21.Nxf8 exd5 22.Qg8 Qxf8
23.exd5+ Ne5 24.Bg6+  1-0

[Event "20th Spring Festival"]
[Site "Budapest HUN"]
[Date "2004.03.24"]
[Round "6"]
[White "Harmatosi,J"]
[Black "Zigangirova,S"]
[Result "0-1"]
[WhiteElo "2313"]
[BlackElo "2205"]

1.d4 Nf6 2.Bg5 e6 3.e4 h6 4.Bxf6 Qxf6 5.Nf3 d6 6.Nc3 Nd7 7.Qd2 c6 8.O-O-O e5
9.d5 Be7 10.Qe3 O-O 11.g3 Nb6 12.Nd2 cxd5 13.Nxd5 Nxd5 14.exd5 Bd8 15.Ne4 Qe7
16.Qa3 Bc7 17.f3 f5 18.Nc3 Bd7 19.Bb5 a6 20.Bxd7 Qxd7 21.h3 Bb6 22.Ne2 Rac8
23.Qb3 Ba7 24.Rd3 b5 25.g4 a5 26.gxf5 Rc4 27.a3 a4 28.Qa2 Rfc8 29.Nc3 Qxf5
30.Kb1 Bd4 31.Nxb5 Rxc2 32.Nxd4 exd4  0-1

[Event "14th Asian Cities"]
[Site "Tagaytay City PHI"]
[Date "2004.03.25"]
[Round "7"]
[White "Torre,E"]
[Black "Kotsur,P"]
[Result "0-1"]
[WhiteElo "2521"]
[BlackElo "2569"]

1.d4 Nf6 2.Bg5 e6 3.Nd2 h6 4.Bh4 Be7 5.e4 d6 6.Ngf3 Nbd7 7.c3 Nh5 8.Bxe7 Qxe7
9.e5 dxe5 10.dxe5 Nf4 11.Qa4 Ng6 12.Bd3 O-O 13.Bxg6 fxg6 14.O-O g5 15.Rae1 Nc5
16.Qg4 b6 17.h4 gxh4 18.Nxh4 Qg5 19.Qxg5 hxg5 20.Nhf3 Ba6 21.c4 Rad8 22.Re2 Rf5
23.b3 Bb7 24.Nh2 Nd3 25.Ndf3 g4 26.Rd2 gxf3 27.Rfd1 Rg5 28.Rxd3 Rxd3 29.Rxd3 Rxg2+
30.Kh1 Rxf2 31.a4  0-1

[Event "It"]
[Site "Rishon le Zion ISR"]
[Date "2004.03.27"]
[Round "8"]
[White "Drozdov,Alexandre"]
[Black "Pliskine,V"]
[Result "0-1"]
[WhiteElo "2344"]
[BlackElo "2212"]

1.d4 Nf6 2.Bg5 e6 3.e4 h6 4.Bxf6 Qxf6 5.Nf3 d5 6.Nc3 Bb4 7.Bd3 O-O 8.O-O Bxc3
9.bxc3 b6 10.Nd2 Ba6 11.e5 Qe7 12.f4 Bxd3 13.cxd3 f5 14.exf6 Rxf6 15.Qg4 c5
16.Nf3 Nc6 17.dxc5 Qxc5+ 18.Kh1 Qe3 19.Rfe1 Qxd3 20.Rad1 Qg6 21.Qxg6 Rxg6
22.f5 exf5 23.Rxd5 Rf6 24.Nd4 Nxd4 25.cxd4 Rf7 26.Ree5 Rc8 27.h3 Rc1+ 28.Kh2 Rc2
29.a4 f4 30.Kg1 f3 31.gxf3 Rxf3 32.Rd7 Rg3+ 33.Kh1 Rxh3+ 34.Kg1 Ra3 35.Re1 Rxa4
36.d5 Rd2 37.d6 Rg4+ 38.Kh1 Rd5 39.Rd8+ Kh7 40.Re2 Rh5+ 41.Rh2 Rxh2+ 42.Kxh2 Rd4
43.Kg3 Kg6 44.Kf3 Kf6 45.Ke3 Rd1 46.Ke4 a5 47.Rf8+ Ke6 48.Re8+ Kd7 49.Re7+ Kxd6
50.Rxg7 Kc5 51.Rh7 Rd6 52.Ke5 a4  0-1

[Event "TCh-CZE Extraliga 2003-4"]
[Site "Czech Rep CZE"]
[Date "2004.04.03"]
[Round "10"]
[White "Cech,P"]
[Black "Bernasek,J"]
[Result "1/2-1/2"]
[WhiteElo "2397"]
[BlackElo "2381"]

1.d4 Nf6 2.Bg5 e6 3.e4 h6 4.Bxf6 Qxf6 5.Nc3 Bb4 6.Qd2 d6 7.a3 Ba5 8.Nf3 Nd7
9.Be2 O-O 10.b4 Bb6 11.Na4 e5 12.Nxb6 axb6 13.O-O Qe7 14.Qc3 Nf6 15.dxe5  1/2-1/2

[Event "ch-ISL"]
[Site "Reykjavik ISL"]
[Date "2004.04.07"]
[Round "3.4"]
[White "Thorhallsson,T"]
[Black "Stefansson,H"]
[Result "1/2-1/2"]
[WhiteElo "2459"]
[BlackElo "2572"]

1.d4 Nf6 2.Bg5 e6 3.Nc3 h6 4.Bxf6 Qxf6 5.e4 d6 6.Qd2 c6 7.f4 e5 8.dxe5 dxe5
9.f5 Bb4 10.Nf3 Nd7 11.O-O-O Qe7 12.a3 Ba5 13.Kb1 Nf6 14.Bd3 Bd7 15.Rhe1 b5
16.g4 Bb6 17.h3 O-O-O 18.Na2 Kb8 19.Qc1 c5 20.c4 b4 21.Bf1 Bc6 22.Rd5 Bxd5
23.cxd5 bxa3 24.bxa3 Ne8 25.Qb2 f6 26.a4 Qb7 27.Ka1 Ba5 28.Rb1 Qxb2+ 29.Rxb2+ Kc7
30.Rb5 Bb4 31.Nxb4 cxb4 32.Rc5+ Kb7 33.Nd2 Nd6 34.Rc6 h5 35.gxh5 a5 36.Nb3 Nxe4
37.Nxa5+ Kb8 38.Rb6+ Kc7 39.Rc6+ Kd7 40.Re6 Nc3 41.Nb3 Nxd5 42.Nc5+ Kc7 43.Na6+ Kb7
44.Nc5+ Kc7 45.Na6+ Kb7 46.Nc5+ Kc7 47.Bb5 Nc3 48.Rc6+ Kb8 49.Na6+ Kb7 50.Nc5+ Kb8
51.Rb6+ Kc7 52.Rc6+ Kb8 53.Rb6+ Kc7 54.Rc6+ Kb8 55.Na6+ Kb7 56.Nc5+  1/2-1/2

[Event "Asian U18b"]
[Site "Tehran IRI"]
[Date "2004.04.07"]
[Round "7"]
[White "Gupta,Ab"]
[Black "Filippov,An"]
[Result "1-0"]
[WhiteElo "2413"]
[BlackElo "2472"]

1.d4 Nf6 2.Bg5 e6 3.e4 h6 4.Bxf6 Qxf6 5.c3 d6 6.Bd3 Qg5 7.Nf3 Qxg2 8.Rg1 Qh3
9.Nbd2 Nc6 10.Nc4 e5 11.Rg3 Qh5 12.d5 Nd8 13.Be2 Bg4 14.Qa4+ c6 15.Qa3 cxd5
16.Nxd6+ Bxd6 17.Qxd6 Nc6 18.h3 Bxf3 19.Bxf3 Qh4 20.exd5 Qe7 21.Qxe7+ Nxe7
22.Rxg7 Ng6 23.d6 Kf8 24.Rxg6 fxg6 25.Rd1 Rh7 26.c4 Ke8 27.c5 Rb8 28.b4 Rf7
29.Bd5 Rf4 30.b5 Kd7 31.Bxb7 Rd4 32.Rxd4 exd4 33.Bc6+ Ke6 34.a4 Rf8 35.Bb7 Rb8
36.Bc6 Rf8 37.d7 Ke7 38.a5 Rf5 39.b6 axb6 40.a6 bxc5 41.d8=Q+  1-0

[Event "77th ch-city"]
[Site "St Petersburg RUS"]
[Date "2004.04.09"]
[Round "9"]
[White "Chepukaitis,G"]
[Black "Ionov,S"]
[Result "1/2-1/2"]
[WhiteElo "2413"]
[BlackElo "2538"]

1.d4 Nf6 2.Bg5 e6 3.Nf3 h6 4.Bxf6 Qxf6 5.e4 d6 6.Nc3 Nd7 7.g3 g6 8.Bg2 Bg7
9.Qe2 a6 10.Rd1 O-O 11.O-O Qe7 12.a4 b6 13.Rfe1 Bb7 14.Qe3 Rae8 15.h4 Qd8
16.e5 Qa8 17.exd6 cxd6 18.Ne4 Bxe4 19.Qxe4 Qxe4 20.Rxe4 Rc8 21.c3 d5 22.Re3 Rc7
23.Bf1 a5 24.Ne1 Rd8 25.Nd3 Nf6 26.f3 Ne8 27.Kf2 h5 28.Ree1 Nd6 29.Nf4 Bh6
30.Nh3 Rb8 31.Ra1 Nc4 32.Bxc4 Rxc4 33.Ra2 b5 34.axb5 Rxb5 35.Ke2 Rc8 36.Kd3 Bf8
37.Nf4 Kg7 38.Kc2 Bd6 39.Ne2 Rcb8 40.Rg1 Kf6 41.Nc1 R8b7 42.Nd3 Rb8 43.Raa1 Rg8
44.g4 Rh8 45.g5+ Kf5 46.Rae1 Rbb8 47.Rg2 f6 48.Kd2 fxg5 49.Rxg5+ Kf6 50.Rxg6+ Kxg6
51.Rxe6+ Kf5 52.Rxd6 Rhd8 53.Rh6 Rh8 54.Rd6 Rhd8 55.Rh6 Rh8 56.Rd6 Rhd8 57.Rh6  1/2-1/2

[Event "FSGM April"]
[Site "Budapest HUN"]
[Date "2004.04.10"]
[Round "8"]
[White "Nguyen Ngoc Truongson"]
[Black "Breder,D"]
[Result "1/2-1/2"]
[WhiteElo "2436"]
[BlackElo "2473"]

1.d4 Nf6 2.Bg5 e6 3.e4 h6 4.Bxf6 Qxf6 5.Nc3 Bb4 6.e5 Qe7 7.a3 Bxc3+ 8.bxc3 d6
9.Nf3 dxe5 10.Nxe5 Nd7 11.Bb5 O-O 12.Bxd7 Bxd7 13.O-O Rfd8 14.Qb1 b6 15.Rd1 Be8
16.a4 a5 17.Rd3 Rab8 18.Qc1 f6 19.Ng4 h5 20.Ne3 Bg6 21.Rd1 e5 22.Qa3 Qxa3
23.Rxa3 Rd7 24.dxe5 Rxd1+ 25.Nxd1 Re8 26.Ne3 Rxe5 27.Kf1 Kf8 28.Ra1 Rc5 29.Ra3 Re5
30.Ra1 Ke7 31.Ra2 Kd7 32.Ke2 h4 33.g3 hxg3 34.hxg3 Kc6 35.Kd2 Kc5 36.Ra1 Rh5
37.Ke2 Be8 38.Kd2 Bd7 39.Ke2 Bc6 40.Ra3 Be4 41.Ra1 Bc6 42.Ra3 Bd7 43.Ra1 Rh8
44.Kd2 g5 45.Ke2 Re8 46.Kd2 Bc6 47.Nf5 Rh8 48.Nd4 Bd7 49.Kd3 Rh2 50.Nb3+ Kd6
51.Ke3 Rh8 52.Rd1+ Ke7 53.Ra1 f5 54.Nd4 Kf6 55.c4 Re8+ 56.Kd3 Rd8 57.Kc3 Rh8
58.c5 bxc5 59.Nb3 Rh2 60.Nxc5 Bc8 61.Re1 f4 62.gxf4 gxf4 63.Nd3 Bf5 64.Nxf4 Rxf2
65.Nd5+  1/2-1/2

[Event "10th WDB Easter Open"]
[Site "Essen GER"]
[Date "2004.04.10"]
[Round "6"]
[White "Kartsev,S"]
[Black "Khurtsidze,N"]
[Result "0-1"]
[WhiteElo "2245"]
[BlackElo "2411"]

1.d4 Nf6 2.Bg5 e6 3.c4 h6 4.Bf4 Bb4+ 5.Nd2 Nh5 6.a3 Be7 7.Bg3 Nxg3 8.hxg3 d5
9.e3 O-O 10.Ngf3 Nd7 11.b4 a5 12.c5 Bf6 13.Rh5 Qe7 14.Ne5 g6 15.Nxd7 Bxd7
16.Rxh6 e5 17.Nf3 Bg4 18.dxe5 Bxe5 19.Rc1 axb4 20.axb4 Bb2 21.Be2 Bxf3 22.Bxf3 Kg7
23.Rh4 Bxc1 24.Qxc1 Qe5 25.Rd4 Rh8 26.Qb2 Rh1+ 27.Ke2 Rha1 28.Bxd5 f6 29.Bc4 Qf5
30.Qd2 Qb1 31.Rd7+ Kh6 32.Qd4 Qc2+ 33.Kf3 Qf5+ 34.Ke2 R8a2+ 35.Bxa2 Rxa2+
36.Kf1 Qxf2+  0-1

[Event "ACP Blitz Prelim1"]
[Site "playchess.com INT"]
[Date "2004.04.12"]
[Round "11"]
[White "Agababean,N"]
[Black "Moreno Carnero,J"]
[Result "0-1"]
[WhiteElo "2216"]
[BlackElo "2525"]

1.d4 Nf6 2.Bg5 e6 3.e4 h6 4.Bxf6 Qxf6 5.Nf3 d5 6.e5 Qd8 7.Bd3 c5 8.c3 Qb6
9.Qc1 cxd4 10.Nxd4 Nc6 11.Nxc6 bxc6 12.O-O Be7 13.Re1 Rb8 14.b3 O-O 15.Qe3 Qxe3
16.Rxe3 Bc5 17.Re2 f6 18.exf6 Rxf6 19.Nd2 e5 20.Rf1 e4 21.Bc2 Bg4 22.Ree1 Rbf8
23.Kh1 Rxf2 24.Rxf2 Rxf2 25.Nxe4 dxe4 26.Bxe4 Bd7 27.h3 Rxa2 28.Rd1 Be8 29.Rd8 Kf7
30.Bd3 Ke7 31.Ra8 Bd6 32.g4 Bf7 33.b4 Bd5+ 34.Kg1 Ra3 35.Kf1 Rxc3 36.Rxa7+ Kf6
37.Bf5 g6 38.Bd7 Bxb4 39.Ra8 Rc2 40.h4 Bd6 41.h5 gxh5 42.gxh5 Bf3 43.Ra5 Be4
44.Be8 c5 45.Ke1 Ke5 46.Bf7 Rh2 47.Ra6 Bd3 48.Rb6 c4 49.Rb5+ Ke4 50.Bd5+ Ke3
51.Bc6 Ra2 52.Rd5 Ra1+  0-1

[Event "ACP Blitz Prelim1"]
[Site "playchess.com INT"]
[Date "2004.04.12"]
[Round "13"]
[White "Agababean,N"]
[Black "Iordachescu,V"]
[Result "0-1"]
[WhiteElo "2216"]
[BlackElo "2627"]

1.d4 Nf6 2.Bg5 e6 3.e4 c5 4.d5 d6 5.Nc3 Be7 6.Qd2 O-O 7.Nf3 exd5 8.exd5 Bg4
9.Be2 a6 10.O-O b5 11.h3 Bh5 12.a3 Nbd7 13.Rfe1 Nb6 14.b4 Rc8 15.Rad1 cxb4
16.axb4 Nc4 17.Bxc4 Rxc4 18.g4 Bg6 19.Nd4 Nxd5 20.Bxe7 Nxe7 21.Ne4 Qc7 22.c3 h5
23.f3 hxg4 24.hxg4 Bxe4 25.Rxe4 Ng6 26.Nf5 Ne5 27.Qxd6 Qxd6 28.Nxd6 Nxf3+
29.Kg2 Rxe4 30.Nxe4 Ne5 31.Kg3 Rc8 32.Rd6 Rc4 33.Kf4 Nxg4 34.Kxg4 Rxe4+ 35.Kf5 Re6
36.Rd8+ Kh7 37.Rc8 g6+ 38.Kg5 Kg7 39.Rc7 Re5+ 40.Kf4 Re6 41.Kg5 Re4 42.Rc6 f6+  0-1

[Event "6th Open"]
[Site "Dubai UAE"]
[Date "2004.04.23"]
[Round "5"]
[White "El Arousy,A"]
[Black "Albers,A"]
[Result "1-0"]
[WhiteElo "2375"]
[BlackElo "1986"]

1.d4 Nf6 2.Bg5 e6 3.e4 h6 4.Bxf6 Qxf6 5.Nc3 Bb4 6.Qd2 a6 7.Nf3 b5 8.Bd3 Bb7
9.O-O O-O 10.a3 Ba5 11.b4 Bb6 12.e5 Qe7 13.Be4 Bxe4 14.Nxe4 d5 15.Ng3 Nd7
16.Rae1 c6 17.Qf4 Bc7 18.Qg4 Rae8 19.Nh5 f5 20.exf6 Nxf6 21.Nxf6+ Qxf6 22.Ne5 Bxe5
23.Rxe5 Qf4 24.Qg6 Qf6 25.Qd3 Qd8 26.Qe3 Qd7 27.f4 Rf6 28.Re1 Kf7 29.g4 g6
30.Kg2 Ke7 31.g5 hxg5 32.fxg5  1-0

[Event "ch-LTU"]
[Site "Vilnius LTU"]
[Date "2004.04.23"]
[Round "1"]
[White "Dambrauskas,V"]
[Black "Savickas,A"]
[Result "0-1"]
[WhiteElo "2303"]
[BlackElo "2234"]

1.d4 Nf6 2.Bg5 e6 3.Nf3 c5 4.e3 Nc6 5.c3 Be7 6.Bd3 d6 7.O-O O-O 8.Nbd2 a6
9.e4 e5 10.dxc5 dxc5 11.Nc4 Qc7 12.Bxf6 Bxf6 13.a4 Be6 14.Qe2 b5 15.Ne3 c4
16.Bc2 Rad8 17.axb5 axb5 18.Rfd1 Rxd1+ 19.Rxd1 Rd8 20.Nd5 Bxd5 21.Rxd5 Rxd5
22.exd5 Ne7 23.b3 Nxd5 24.bxc4 Nxc3 25.Qf1 Qxc4 26.Qxc4 bxc4 27.Kf1 Nb5 28.Ba4 Nd4
29.Nxd4 exd4 30.Bb5 c3 31.Bd3 Kf8 32.Ke2 h6 33.h3 Ke7 34.Kd1 Bg5 35.Ke2 Kd6
36.Kd1 Bh4 37.f3 Ke5 38.Ke2 Kf4 39.Bc2 Kg3 40.Kf1 Kf4 41.Ke2 Be7 42.Bd3 g6
43.Bc2 f5 44.Bd3 Bh4 45.Bc2 Bg3 46.Bd3 g5 47.Bc2 h5 48.Bd3 Bh2 49.Bc2 Bg1
50.Bd3 Be3 51.Kf1 Bd2 52.Kf2 Bc1 53.Bc2 Ba3 54.Bd3 Bc5 55.Ke2 h4 56.Bc2 Kg3
57.Kf1 f4 58.Be4 Be7 59.Kg1 Ba3 60.Kf1 Bc5 61.Bf5 g4 62.fxg4  0-1

[Event "Capablanca Mem Mixto"]
[Site "Havana CUB"]
[Date "2004.05.12"]
[Round "7"]
[White "Groffen,H"]
[Black "Ordaz Valdes,L"]
[Result "1-0"]
[WhiteElo "2207"]
[BlackElo "2199"]

1.d4 Nf6 2.Bg5 e6 3.e4 h6 4.Bxf6 Qxf6 5.c3 d6 6.Bd3 Nd7 7.Ne2 Qd8 8.O-O Be7
9.f4 O-O 10.Nd2 c5 11.Kh1 a6 12.Ng3 Kh8 13.Qe2 Bh4 14.Rf3 cxd4 15.cxd4 Qb6
16.e5 Qxd4 17.Nb3 Qb4 18.Nh5 g6 19.Rh3 Be7 20.Rf1 a5 21.Qc2 a4 22.Nd2 Rg8
23.Ng3 dxe5 24.fxe5 Nxe5 25.Nc4 Nxc4 26.Rxf7 Bg5 27.Ne4 Rf8 28.Rxf8+ Qxf8
29.Nxg5 b5 30.Rxh6+ Kg8 31.Rxg6+ Kh8 32.Bxc4 Qb4 33.Rg8+  1-0

[Event "Capablanca Mem Mixto"]
[Site "Havana CUB"]
[Date "2004.05.15"]
[Round "9"]
[White "Groffen,H"]
[Black "Pazos Gambarrotti,P"]
[Result "1-0"]
[WhiteElo "2207"]
[BlackElo "2353"]

1.d4 Nf6 2.Bg5 e6 3.e4 h6 4.Bxf6 Qxf6 5.Nc3 d6 6.Qd2 g5 7.g3 Bg7 8.O-O-O g4
9.h3 h5 10.hxg4 hxg4 11.Rxh8+ Bxh8 12.Nb5 Na6 13.e5 dxe5 14.dxe5 Qe7 15.f4 Bd7
16.a3 f6 17.Bd3 O-O-O 18.Nxa7+ Kb8 19.Bxa6 Kxa7 20.Bb5 c6 21.Bxc6 bxc6 22.Qa5+ Kb7
23.Rd3 c5 24.Rb3+ Kc6 25.Rb6+ Kd5 26.Qd2+  1-0

[Event "5th IECC"]
[Site "Antalya TUR"]
[Date "2004.05.17"]
[Round "3"]
[White "Halkias,S"]
[Black "Navara,D"]
[Result "0-1"]
[WhiteElo "2541"]
[BlackElo "2602"]

1.d4 Nf6 2.Bg5 e6 3.e3 c5 4.c3 b6 5.Nd2 Bb7 6.Ngf3 Be7 7.Bd3 Nc6 8.Qe2 O-O
9.h4 Rc8 10.Bxf6 Bxf6 11.Rh3 Be7 12.Ng5 f5 13.g4 Bxg5 14.hxg5 Qxg5 15.gxf5 exf5
16.O-O-O Ne7 17.Rg3 Qf6 18.Rdg1 g6 19.Kb1 cxd4 20.exd4 Bd5 21.Qh5 Kh8 22.Qh2 b5
23.Rh3 Qf7 24.a3 a6 25.f3 Ng8 26.Nf1 Rce8 27.Nd2 Re3 28.Kc2 Rfe8 29.Rhg3 R8e6
30.Rg5 Bc4 31.Nxc4 bxc4 32.Bxc4 d5 33.Bf1 Rxf3 34.R5g2 Rfe3 35.Qb8 Kg7 36.Qa8 f4
37.Rg5 Ne7 38.Bd3  0-1